|
|
|
|
| LEADER |
01409nam a2200253 u 4500 |
| 001 |
10041245 |
| 003 |
GR-PaULI |
| 005 |
20220201101228.0 |
| 008 |
011003m19601979gr a gre |
| 952 |
|
|
|0 0
|1 0
|2 ddc
|3 τ.1
|4 0
|6 889_234000000000000_ΛΑΜ
|7 0
|9 219274
|a LISP
|b LISP
|c BSC
|d 2018-01-24
|i 098283
|l 0
|o 889.234 ΛΑΜ
|p 025000160418
|r 2018-01-24 00:00:00
|t 1
|w 2018-01-24
|y BK15
|
| 952 |
|
|
|0 0
|1 0
|2 ddc
|3 τ.2
|4 0
|6 889_234000000000000_ΛΑΜ
|7 0
|9 219275
|a LISP
|b LISP
|c BSC
|d 2018-01-24
|i 134985
|l 0
|o 889.234 ΛΑΜ
|p 025000167091
|r 2018-01-24 00:00:00
|t 1
|w 2018-01-24
|y BK15
|
| 952 |
|
|
|0 0
|1 0
|2 ddc
|3 τ.3
|4 0
|6 889_234000000000000_ΛΑΜ
|7 0
|9 219276
|a LISP
|b LISP
|c BSC
|d 2018-01-24
|i 098294
|l 0
|o 889.234 ΛΑΜ
|p 025000192278
|r 2018-01-24 00:00:00
|t 1
|w 2018-01-24
|y BK15
|
| 999 |
|
|
|c 132695
|d 132695
|
| 040 |
|
|
|a GR-PaULI
|c GR-PaULI
|b gre
|e AACR2
|
| 041 |
0 |
|
|a
|
| 082 |
0 |
4 |
|a 889.234
|2 23
|
| 100 |
1 |
|
|9 28766
|a Λαμπίδης, Χάρης
|e συγγραφέας.
|
| 245 |
1 |
2 |
|a Περιπέτεια /
|b
|c Χάρη Λαμπίδη.
|
| 260 |
|
|
|a Αθήνα :
|b Ίκαρος ;
|b Κέδρος,
|c 1960-1979.
|
| 300 |
|
|
|a 3 τ. ;
|b
|c 21 εκ.
|
| 500 |
|
|
|a τ. 1. - 151 σ. - 1960 -- τ. 2. - 121 σ. - 1967 -- τ. 3. - 172 σ. - 1979.
|
| 505 |
|
|
|a τ. 1. Το σκοτεινό πέρασμα -- τ. 2. Το εγώ και το σαμποτάζ -- τ. 3. Στα ίχνη της αλήθειας.
|
| 942 |
|
|
|2 ddc
|c BK15
|
| 998 |
|
|
|c ΜΠΟΥΡΑΣ
|d 2018-01
|